000 00287nam a2200109 a 4500
008 110518s |||| d
245 1 0 _aKošice 1924-1959
_p35 rokov medzinárodného maratónu mieru
044 _axo
_cSK
041 _aslo
020 _c18,10
100 1 _aBukovský, Vojtech
999 _c19676
_d19676